Pembalasan : Syorga atau neraka

Bibliographic Details
Main Author: Ni'mat Shidqi
Format: Book
Published: Singapura : Pustaka Nasional , 1988
Subjects:

MARC

LEADER 00000cam a2200000 7i4500
001 0000004520
002 000004875
005 20000330.0
020 |a 9971770482 
090 0 0 |a 297.23   |b NIM 
100 0 |a Ni'mat Shidqi 
245 1 0 |a Pembalasan :   |b Syorga atau neraka   |c Ni'mat Shidqi 
260 |a Singapura :   |b Pustaka Nasional ,   |c 1988 
300 |a 158 p. ;   |c 21 cm. 
650 0 0 |a Hell   |x Islam 
650 0 0 |a Paradise (Islam) 
999 |a 034598   |b BUKU   |c PINJAMAN   |e PERPUSTAKAAN KOMUNITI PETALING JAYA 
999 |a 034599   |b BUKU   |c PINJAMAN   |e PERPUSTAKAAN KOMUNITI PETALING JAYA